| 000 | 03871nam a22003377a 4500 | ||
|---|---|---|---|
| 001 | TIGAL 0015 | ||
| 003 | gtcocun | ||
| 005 | 20250923162818.0 | ||
| 006 | a||||gr|||| 00| 0 | ||
| 007 | ta | ||
| 008 | 250923b2018 gt ||||| m||| 00| 0 eng d | ||
| 040 |
_agtcocun _bSPA _cgtcocun _eRDA |
||
| 041 | _aSPA TIGAL 0015 | ||
| 084 | _0TIGAL 0015 | ||
| 100 |
_aIbarra Winter, Sergio Alfonso _eAutor |
||
| 245 |
_aEVALUACIÓN DE TRES PRÁCTICAS AGRÍCOLAS EN LA INCIDENCIA DE EROSIÓN E INFILTRACIÓN EN EL CULTIVO DE MAÍZ (Zea mays) EN AGRICULTURA DE SUBSISTENCIA EN LAS ZONAS POTENCIALES DE RECARGA HÍDRICA EN LA SUBCUENCA DEL RÍO TZUNUTZ, SAN PEDRO CARCHÁ, ALTA VERAPAZ/ _cSergio Alfonso Ibarra Winter. _hImpreso |
||
| 264 |
_aCobán, Alta Verapaz: _bUniversidad de San Carlos de Guatemala, Centro Universitario del Norte, Carrera de Ingeniería en Gestión Ambiental Local _c2018 |
||
| 300 |
_a65 p.: _bIlustraciones, gráficas. _c28 cm; |
||
| 300 | _cPDF | ||
| 336 |
_2rdacontenido _aTexto _btxt |
||
| 337 |
_2rdamedio _aComputadora _bn |
||
| 338 |
_2rdasoporte _aCódigo en línea _bcr |
||
| 502 | _eTIGAL 0015 | ||
| 502 |
_aTesis de grado _bCarrera de Ingeniería en Gestión Ambiental Local, _cUniversidad de San Carlos de Guatemala, Centro Universitario del Norte, Carrera de Ingeniería en Gestión Ambiental Local _d2018 _oTIGAL 0015 |
||
| 520 | 1 | 4 | _aLa investigación se desarrolló en las zonas potenciales de recarga hídrica en la subcuenca del río Tzunutz, del municipio San Pedro Carchá Alta Verapaz, donde se identificó el uso del suelo para agricultura en poblados rurales ubicados dentro de la delimitación de dichas zonas, por lo que se procedió a la evaluación de tres prácticas agrícolas en la incidencia de erosión e infiltración en el cultivo de maíz (Zea mays) en agricultura de subsistencia para estas zonas. Dichas prácticas fueron: tratamiento tradicional sin conservación de suelos, tratamiento de curvas a nivel y tratamiento de curvas a nivel más té de limón (Cymbopogon citratus) como barrera viva; mediante el establecimiento de un experimento estadístico en pendientes del 15% a 32%, bajo el modelo de bloques al azar, para luego realizar un análisis de varianza y una comparación con la prueba de Tukey. La erosión del suelo fue una variable respuesta, que tuvo como resultado de 182.94 kg/600m2 en el tratamiento tradicional, en el tratamiento de curvas a nivel fue 117.87kg/600m2 y para el tratamiento de curvas a nivel más té de limón (Cymbopogon citratus) como barrera viva fue 89.32kg/600m2 ; lo cual muestra que el tratamiento con prácticas de conservación más intensivas redujo dos veces y medio la erosión como impacto ambiental sobre el suelo en el cual se cultiva maíz (Zea mays) para fines de autoconsumo, sin embargo al ser analizados estadísticamente (alfa= 0.05%) no presentaron diferencia significativa. La segunda variable respuesta fue infiltración básica, para cada tratamiento las medias fueron: tratamiento tradicional 2.53cm/h, tratamiento de curvas a nivel 2.015cm/h y en el tratamiento de curvas a nivel más te de limón Cymbopogon citratus) como barrera viva 2.005cm/h; resultados que al ser analizados estadísticamente (alfa =0.05%) si presentaron diferencia significativa, por lo que se identificó que el tratamiento llega a reducir la infiltración básica de un 8.26% a 30.35%. |
| 650 | 1 | 4 |
_2LEMB _aCarchá, Alta Verapaz _xIngeniería en Gestión Ambiental Local _xRecarga hídrica _xPrácticas agrícolas _xErosión _xExperimento estadístico _xImpacto ambiental |
| 700 |
_aIng. Agr. M.A. Luis Humberto Ortiz Castillo _eAsesor |
||
| 856 |
_uhttps://drive.google.com/file/d/1Q_KKmujvihNWz-SJWXRPIyNFHTO4aeSM/view _yPDF _zUn ejemplar en línea. |
||
| 942 |
_2ddc _cTES _iTIGAL 0015 _kClasificación _n0 _6TIGAL_0015_000000000000000 |
||
| 999 |
_c2074 _d2074 |
||